SZA - Open Arms (Just SZA) (All Lyrics) - Statistics

General Stats
  • This quiz has been taken 51 times
  • The average score is 198 of 252
Answer Stats
Answer % Correct
a
97%
I
97%
open,
95%
Open
95%
open
95%
arms
92%
yo'
92%
you
92%
You
92%
you,
92%
no
89%
he
87%
me
87%
me,
87%
on
87%
so
87%
be
84%
my
84%
one
84%
one)
84%
the
84%
to
84%
When
84%
Who
84%
who
84%
your
84%
devoted
82%
don't
82%
feel
82%
I'm
82%
where
82%
with
82%
With
82%
and
79%
another
79%
can
79%
her
79%
just
79%
like
79%
take
79%
again,
76%
again
76%
alone,
76%
around
76%
away
76%
away,
76%
from
76%
Leave
76%
Never
76%
one's
76%
something
76%
Spent
76%
spent
76%
was
76%
almost
74%
am
74%
can't
74%
cryin'
74%
ex
74%
for
74%
found
74%
fuck
74%
lost
74%
night
74%
pathetic
74%
phone
74%
rather
74%
Runnin'
74%
stay
74%
surrounded
74%
wanna
74%
anyway
71%
anyway?
71%
here
71%
I'd
71%
keep
71%
lie
71%
loves
71%
make
71%
myself
71%
please
71%
Push
71%
tryin'
71%
At
68%
down
68%
go
68%
go,
68%
hate
68%
I'll
68%
know
68%
leash
68%
least
68%
Lovin'
68%
put
68%
through
68%
You're
68%
bein'
66%
feels
66%
gotta
66%
Gotta
66%
guess
66%
insecurity
66%
needs
66%
oh,
66%
only
66%
(Only
66%
(ooh)
66%
right
66%
Went
66%
Ain't
63%
ain't
63%
bad
63%
But
63%
holdin'
63%
let
63%
self-esteem
63%
that's
63%
changin'
61%
hopeless
61%
it's
61%
still
61%
time
61%
must
58%
of
58%
Chokin'
55%
life
55%
there
55%
ashamed
53%
been
53%
'Cause
42%
hole
39%
ownership's
16%
No matching quizzes found
Score Distribution
Percent of People with Each Score
Percentile by Number Answered
Your Score History
You have not taken this quiz